[Event "32. Copenhagen Open (Politiken Cup)"]
[Site "Elsinore"]
[Date "2010.08.01"]
[Round "2"]
[White "Peschlow, Patrick"]
[Black "Hornsgaard, Jens Boe"]
[Result "1-0"]
[WhiteElo "2311"]
[BlackElo "2044"]
[PlyCount "49"]
[EventDate "2010.07.31"]
[EventType "swiss"]
[EventRounds "10"]
[EventCountry "DEN"]
[Source "ChessBase"]
[SourceDate "2010.09.01"]

1. e4 c5 2. Nf3 d6 3. d4 cxd4 4. Nxd4 Nf6 5. Nc3 g6 6. Be3 Bg7 7. f3 O-O 8. Qd2
Nc6 9. Bc4 Bd7 10. Bb3 Rc8 11. O-O-O Ne5 12. Kb1 Nc4 13. Bxc4 Rxc4 14. g4 b5
15. b3 Rc8 16. Ndxb5 Qa5 17. a4 a6 18. Nd5 Qxd2 19. Nxe7+ Kh8 20. Rxd2 Rce8 21.
Nxd6 Rxe7 22. g5 Nh5 23. Nc4 Rc8 24. Nb6 Rd8 25. Rhd1 1-0

[Event "32. Copenhagen Open (Politiken Cup)"]
[Site "Elsinore"]
[Date "2010.08.01"]
[Round "2"]
[White "Petersen, Steen"]
[Black "Christensen, Christoffer Ellegaa"]
[Result "1-0"]
[WhiteElo "2152"]
[BlackElo "1771"]
[PlyCount "43"]
[EventDate "2010.07.31"]
[EventType "swiss"]
[EventRounds "10"]
[EventCountry "DEN"]
[Source "ChessBase"]
[SourceDate "2010.09.01"]

1. e4 e6 2. d3 d5 3. Nd2 c5 4. Ngf3 Nc6 5. g3 Nf6 6. Bg2 Be7 7. O-O O-O 8. e5
Nd7 9. Re1 Qc7 10. Qe2 Nb4 11. Nf1 c4 12. d4 Re8 13. a3 Nc6 14. Bf4 Qb6 15. c3
f6 16. exf6 Bxf6 17. Ne3 Ne7 18. Ng5 h6 19. Qh5 Rf8 20. Nxe6 Qxe6 21. Nxd5 Qf7
22. Nxe7+ 1-0

[Event "32. Copenhagen Open (Politiken Cup)"]
[Site "Elsinore"]
[Date "2010.08.01"]
[Round "2"]
[White "Postny, Evgeny"]
[Black "Andersen, Rune Egede"]
[Result "1-0"]
[WhiteElo "2577"]
[BlackElo "2100"]
[PlyCount "57"]
[EventDate "2010.07.31"]
[EventType "swiss"]
[EventRounds "10"]
[EventCountry "DEN"]
[Source "ChessBase"]
[SourceDate "2010.09.01"]

1. c4 Nf6 2. d4 e6 3. Nf3 d5 4. Bg5 dxc4 5. Nc3 a6 6. e4 b5 7. e5 h6 8. Bh4 g5
9. Nxg5 Nd5 10. Nf3 Be7 11. Bxe7 Qxe7 12. Nxd5 exd5 13. g3 Bg4 14. Bg2 Nc6 15.
a3 Qe6 16. O-O O-O-O 17. Re1 Rdg8 18. Qd2 h5 19. Nh4 Ne7 20. a4 Qb6 21. axb5
axb5 22. b3 Be6 23. bxc4 dxc4 24. Ra8+ Kd7 25. d5 Rxa8 26. dxe6+ Kxe6 27. Bh3+
f5 28. exf6+ Kxf6 29. Qf4+ 1-0

[Event "32. Copenhagen Open (Politiken Cup)"]
[Site "Elsinore"]
[Date "2010.08.01"]
[Round "2"]
[White "Ramme, Christoph"]
[Black "Bejtovic, Jasmin"]
[Result "0-1"]
[WhiteElo "2062"]
[BlackElo "2382"]
[PlyCount "210"]
[EventDate "2010.07.31"]
[EventType "swiss"]
[EventRounds "10"]
[EventCountry "DEN"]
[Source "ChessBase"]
[SourceDate "2010.09.01"]

1. d4 Nf6 2. c4 g6 3. Nc3 Bg7 4. e4 d6 5. Bd3 O-O 6. Nge2 a6 7. O-O c6 8. h3 b5
9. Be3 Nbd7 10. f4 bxc4 11. Bxc4 d5 12. Bd3 dxe4 13. Bxe4 Nxe4 14. Nxe4 Nb6 15.
Rc1 Nd5 16. Bf2 Rb8 17. Qd2 a5 18. Rxc6 Nb4 19. Rc5 Ba6 20. Rd1 Nd3 21. Rc2 Qd5
22. N2c3 Qf5 23. Nc5 Nxf2 24. Qxf2 Bc8 25. Re2 Rd8 26. Kh1 Rb4 27. Red2 Bh6 28.
Ne2 Qd5 29. Nc3 Qd6 30. Ne2 Bf5 31. a3 Rb5 32. Qf3 Qb8 33. b3 Qc7 34. Nc3 Rb6
35. Nd5 Rxd5 36. Qxd5 Bxf4 37. Re2 h5 38. Qa8+ Rb8 39. Qf3 Rd8 40. b4 axb4 41.
axb4 Bh6 42. d5 Bg5 43. Rf1 h4 44. Ree1 Qb6 45. Qb3 Rb8 46. Ne4 Bh6 47. Nc3
Qxb4 48. Qxb4 Rxb4 49. Rxe7 Bd2 50. Rd1 Bxc3 51. d6 Kf8 52. Rc7 Be5 53. Rc5 f6
54. d7 Bxd7 55. Rxe5 fxe5 56. Rxd7 Rf4 57. Kh2 e4 58. Rd2 Ke7 59. Re2 Kf6 60.
g3 hxg3+ 61. Kxg3 Ke5 62. h4 Rf3+ 63. Kg4 Rf1 64. Kg3 Kd4 65. Ra2 Rg1+ 66. Kf2
Rh1 67. Ra6 e3+ 68. Ke2 Rh2+ 69. Ke1 Rg2 70. Ra4+ Kd3 71. Ra3+ Ke4 72. Ra6 Kf5
73. Rb6 Rd2 74. Ra6 Rg2 75. Rb6 Kf4 76. Rf6+ Ke4 77. Re6+ Kd4 78. Rd6+ Ke5 79.
Ra6 Rg4 80. Ra5+ Kf4 81. Ra6 Kf3 82. Rf6+ Kg3 83. Ke2 Kxh4 84. Kxe3 Kg3 85. Ke2
Re4+ 86. Kd3 Rg4 87. Ke2 g5 88. Rf3+ Kh2 89. Rf8 Rg2+ 90. Kf1 Rg4 91. Kf2 Rh4
92. Rf3 Ra4 93. Rf5 Ra2+ 94. Kf1 g4 95. Rf4 Ra1+ 96. Ke2 g3 97. Rh4+ Kg1 98.
Rh8 Rf1 99. Rg8 g2 100. Rh8 Rf5 101. Rh7 Re5+ 102. Kd1 Kf2 103. Rf7+ Kg3 104.
Rg7+ Kf3 105. Kd2 Re4 0-1

[Event "32. Copenhagen Open (Politiken Cup)"]
[Site "Elsinore"]
[Date "2010.08.01"]
[Round "2"]
[White "Rasmussen, Morten Fredsgaard"]
[Black "Veelenturf, Wim"]
[Result "1/2-1/2"]
[WhiteElo "1956"]
[BlackElo "1719"]
[PlyCount "72"]
[EventDate "2010.07.31"]
[EventType "swiss"]
[EventRounds "10"]
[EventCountry "DEN"]
[Source "ChessBase"]
[SourceDate "2010.09.01"]

1. d4 c6 2. Nf3 d5 3. c3 Bf5 4. Qb3 Qc8 5. Bf4 Nd7 6. e3 Ngf6 7. c4 e6 8. Nc3
dxc4 9. Bxc4 Nb6 10. Be2 Be7 11. h3 O-O 12. Nh4 Be4 13. O-O h6 14. Nxe4 Nxe4
15. Nf3 Bd6 16. Bxd6 Nxd6 17. Rac1 Rd8 18. Bd3 Qb8 19. Bb1 Nd7 20. Rfd1 Ne8 21.
Rd2 Nf8 22. Ne5 Nf6 23. Rc4 N6d7 24. Nf3 a5 25. e4 Qa7 26. Rc1 Nf6 27. Rcd1
Rac8 28. Ne5 Rc7 29. Nc4 b5 30. Ne3 Rcd7 31. d5 cxd5 32. exd5 Nxd5 33. Nxd5
Rxd5 34. Rxd5 Rxd5 35. Rxd5 exd5 36. Qxd5 Qd7 1/2-1/2

[Event "32. Copenhagen Open (Politiken Cup)"]
[Site "Elsinore"]
[Date "2010.08.01"]
[Round "2"]
[White "Rodshtein, Maxim"]
[Black "Nielsen, Jan Mose"]
[Result "1-0"]
[WhiteElo "2609"]
[BlackElo "2120"]
[PlyCount "35"]
[EventDate "2010.07.31"]
[EventType "swiss"]
[EventRounds "10"]
[EventCountry "DEN"]
[Source "ChessBase"]
[SourceDate "2010.09.01"]

1. d4 d5 2. Nf3 Nf6 3. c4 c6 4. e3 e6 5. b3 Nbd7 6. Bb2 Be7 7. Bd3 O-O 8. O-O
h6 9. Nc3 b6 10. Qe2 Bb7 11. Rad1 Rc8 12. e4 dxe4 13. Nxe4 Qc7 14. Bb1 Rfd8 15.
Ng3 c5 16. d5 Nf8 17. Rfe1 Ne8 18. Nf5 1-0

[Event "32. Copenhagen Open (Politiken Cup)"]
[Site "Elsinore"]
[Date "2010.08.01"]
[Round "2"]
[White "Rodvik, Trym Daniel"]
[Black "Andersen, Morten"]
[Result "0-1"]
[WhiteElo "1750"]
[BlackElo "2179"]
[PlyCount "70"]
[EventDate "2010.07.31"]
[EventType "swiss"]
[EventRounds "10"]
[EventCountry "DEN"]
[Source "ChessBase"]
[SourceDate "2010.09.01"]

1. d4 Nf6 2. Nf3 g6 3. Bf4 Bg7 4. e3 c5 5. Be2 O-O 6. h3 d5 7. O-O Ne4 8. c4
cxd4 9. exd4 dxc4 10. Bxc4 Nc6 11. Be3 Nd6 12. Qe2 Nxc4 13. Qxc4 Be6 14. Qa4
Bd5 15. Nbd2 Qd7 16. Rfd1 Rfd8 17. Ne1 Nxd4 18. Qxd7 Rxd7 19. Ndf3 Nxf3+ 20.
Nxf3 Bxb2 21. Rab1 Bf6 22. Rd2 b6 23. Rc1 Rad8 24. Nh2 h5 25. Nf1 Kg7 26. Bf4
Be6 27. Rxd7 Rxd7 28. Ne3 Bxa2 29. Rc8 Rb7 30. Nc2 a5 31. Ra8 Be6 32. Bd2 Rc7
33. Na3 Rd7 34. Be3 Be5 35. g3 Rd1+ 0-1

[Event "32. Copenhagen Open (Politiken Cup)"]
[Site "Elsinore"]
[Date "2010.08.01"]
[Round "2"]
[White "Roelvaag, Mikael"]
[Black "Skjoldager, Mikael"]
[Result "1-0"]
[WhiteElo "2187"]
[BlackElo "1978"]
[PlyCount "66"]
[EventDate "2010.07.31"]
[EventType "swiss"]
[EventRounds "10"]
[EventCountry "DEN"]
[Source "ChessBase"]
[SourceDate "2010.09.01"]

1. c4 e5 2. g3 Nf6 3. Bg2 Nc6 4. Nc3 Bb4 5. Nd5 Bc5 6. e3 O-O 7. Ne2 d6 8. O-O
Nxd5 9. cxd5 Ne7 10. d4 Bb6 11. b3 Bg4 12. dxe5 dxe5 13. h3 Bh5 14. g4 Bg6 15.
e4 Nc8 16. a4 a5 17. Ba3 Nd6 18. Qd3 Re8 19. Ng3 Bd4 20. Rac1 Ra6 21. Bc5 Qf6
22. Bxd4 exd4 23. f4 h6 24. Rxc7 Rb6 25. Rcc1 Rb4 26. Nf5 Bxf5 27. gxf5 Qd8 28.
e5 Qb6 29. Rf3 Nc8 30. Rg3 f6 31. d6 Nxd6 32. exf6 Re3 33. Bd5+ Kh8 1-0

[Event "32. Copenhagen Open (Politiken Cup)"]
[Site "Elsinore"]
[Date "2010.08.01"]
[Round "2"]
[White "Rundgren, Anders"]
[Black "Seirup, Simon"]
[Result "1-0"]
[WhiteElo "1915"]
[BlackElo "1653"]
[PlyCount "43"]
[EventDate "2010.07.31"]
[EventType "swiss"]
[EventRounds "10"]
[EventCountry "DEN"]
[Source "ChessBase"]
[SourceDate "2010.09.01"]

1. e4 e6 2. d4 d5 3. Nd2 Nf6 4. e5 Nfd7 5. Bd3 c5 6. c3 Nc6 7. Ngf3 Qb6 8. O-O
cxd4 9. cxd4 Nxd4 10. Nxd4 Qxd4 11. Nf3 Qb6 12. Qa4 Be7 13. Qg4 g6 14. a3 O-O
15. h4 h5 16. Qg3 Re8 17. Bxg6 fxg6 18. Qxg6+ Kh8 19. Qxe8+ Kg7 20. Qxe7+ Kg8
21. Bh6 Qxb2 22. Qg7# 1-0

[Event "32. Copenhagen Open (Politiken Cup)"]
[Site "Elsinore"]
[Date "2010.08.01"]
[Round "2"]
[White "Schou Moldt, Thomas"]
[Black "Hjornevik, Knut Jarle"]
[Result "1-0"]
[WhiteElo "2183"]
[BlackElo "1981"]
[PlyCount "81"]
[EventDate "2010.07.31"]
[EventType "swiss"]
[EventRounds "10"]
[EventCountry "DEN"]
[Source "ChessBase"]
[SourceDate "2010.09.01"]

1. e4 d5 2. exd5 Qxd5 3. Nc3 Qd6 4. d4 Nf6 5. Nf3 c6 6. h3 Bf5 7. Bc4 e6 8. Bb3
Qc7 9. Qe2 Be7 10. g4 Bg6 11. Ne5 Nbd7 12. h4 Nxe5 13. dxe5 Nxg4 14. Qxg4 Qxe5+
15. Be3 O-O 16. h5 Bf5 17. Qg3 Qxg3 18. fxg3 Bf6 19. O-O-O Be5 20. Bf4 Bxf4+
21. gxf4 h6 22. Rhg1 Rad8 23. Bc4 b5 24. Be2 b4 25. Na4 Rd5 26. Bf3 Ra5 27. b3
Rc8 28. Kb1 c5 29. Nb2 c4 30. Nxc4 Rac5 31. Rd4 a5 32. Rgd1 R8c7 33. R1d2 a4
34. Rd7 Rxc4 35. bxc4 Rxc4 36. R7d4 Bxc2+ 37. Kc1 Bd3+ 38. Rxc4 Bxc4 39. Rd4
Bxa2 40. Rxb4 Bb3 41. Bd1 1-0

[Event "32. Copenhagen Open (Politiken Cup)"]
[Site "Elsinore"]
[Date "2010.08.01"]
[Round "2"]
[White "Schroer, Marcel"]
[Black "Hector, Jonny"]
[Result "0-1"]
[WhiteElo "2106"]
[BlackElo "2584"]
[PlyCount "68"]
[EventDate "2010.07.31"]
[EventType "swiss"]
[EventRounds "10"]
[EventCountry "DEN"]
[Source "ChessBase"]
[SourceDate "2010.09.01"]

1. e4 e5 2. Nf3 Nc6 3. d4 exd4 4. Nxd4 Qf6 5. Be3 Bc5 6. c3 Qg6 7. Be2 Qxg2 8.
Bf3 Qg6 9. Nd2 Nge7 10. Qe2 Qf6 11. Nb5 Bxe3 12. Qxe3 O-O 13. Nxc7 Rb8 14. Nd5
Nxd5 15. exd5 Ne5 16. Be2 d6 17. O-O-O Bf5 18. Ne4 Bxe4 19. Qxe4 Qxf2 20. Rhf1
Qc5 21. Bd3 Nxd3+ 22. Rxd3 Rbe8 23. Qf4 Re5 24. Rg3 f5 25. Qh6 Rf7 26. Rfg1
Ree7 27. Qd2 f4 28. Rg4 f3 29. Rf1 Qb5 30. c4 Qb6 31. b3 Re2 32. Qd3 Qa5 33. a4
Qb4 34. Rxf3 Qe1+ 0-1

[Event "32. Copenhagen Open (Politiken Cup)"]
[Site "Elsinore"]
[Date "2010.08.01"]
[Round "2"]
[White "Schultz Pedersen, Jesper"]
[Black "Ebeling, Jens"]
[Result "1/2-1/2"]
[WhiteElo "2206"]
[BlackElo "1999"]
[PlyCount "61"]
[EventDate "2010.07.31"]
[EventType "swiss"]
[EventRounds "10"]
[EventCountry "DEN"]
[Source "ChessBase"]
[SourceDate "2010.09.01"]

1. e4 c5 2. f4 d5 3. Nc3 dxe4 4. Nxe4 e6 5. Nf3 Nf6 6. Nf2 Be7 7. b3 Qc7 8. Nd3
O-O 9. Bb2 Nbd7 10. Be2 b6 11. O-O Bb7 12. Nfe5 Rad8 13. Qe1 Nxe5 14. Bxe5 Bd6
15. Bxf6 gxf6 16. Bf3 Kh8 17. Qh4 Be7 18. Rae1 Rg8 19. f5 e5 20. Bxb7 Qxb7 21.
Qe4 Qc7 22. Qf3 c4 23. bxc4 Qxc4 24. Qb7 Bc5+ 25. Kh1 Rg7 26. Qc6 Qxc2 27. Nxc5
bxc5 28. Qxf6 Qxd2 29. Re2 Qxe2 30. Qxd8+ Rg8 31. Qf6+ 1/2-1/2

[Event "32. Copenhagen Open (Politiken Cup)"]
[Site "Elsinore"]
[Date "2010.08.01"]
[Round "2"]
[White "Skovgaard, Tom"]
[Black "Jorgensen, Michael"]
[Result "0-1"]
[WhiteElo "2014"]
[BlackElo "2230"]
[PlyCount "168"]
[EventDate "2010.07.31"]
[EventType "swiss"]
[EventRounds "10"]
[EventCountry "DEN"]
[Source "ChessBase"]
[SourceDate "2010.09.01"]

1. e4 e6 2. d4 d5 3. Nd2 Nf6 4. e5 Nfd7 5. Bd3 c5 6. c3 Nc6 7. Ndf3 cxd4 8.
cxd4 Qb6 9. Ne2 f6 10. exf6 Nxf6 11. O-O Bd6 12. b3 O-O 13. Bb2 Qc7 14. Rc1 Ng4
15. h3 Rxf3 16. hxg4 Rf8 17. Bb1 Qe7 18. g3 Bd7 19. Qd3 g6 20. Qe3 e5 21. dxe5
Nxe5 22. Bxe5 Qxe5 23. Qxe5 Bxe5 24. Rcd1 Bxg4 25. Rxd5 Rae8 26. Nd4 Bg7 27. f4
Re3 28. Kg2 b6 29. Nf3 Bc8 30. Rd3 Re7 31. Re1 Rc7 32. Rde3 Bf6 33. Bd3 Bb7 34.
Be4 Ba6 35. Bd3 Bb7 36. Be4 Bc8 37. Bd3 Kg7 38. Bc4 Bb7 39. Rd1 g5 40. fxg5
Bxg5 41. Red3 h6 42. Bd5 Rc2+ 43. Kg1 Bxd5 44. Nxg5 Rg2+ 45. Kh1 hxg5 46. Rxd5
Rxg3 47. Kh2 Rff3 48. Rd6 Rh3+ 49. Kg2 Rhg3+ 50. Kh2 Rh3+ 51. Kg2 g4 52. R1d4
Rhg3+ 53. Kh2 Rh3+ 54. Kg2 Rhg3+ 55. Kh2 Kf7 56. Rc4 Rh3+ 57. Kg2 Rhg3+ 58. Kh2
Rc3 59. Rxc3 Rxc3 60. Rd7+ Ke6 61. Rxa7 Kd5 62. Ra4 g3+ 63. Kg2 Kc5 64. Ra8 Rd3
65. Ra7 b5 66. Rc7+ Kb6 67. Rc2 b4 68. Re2 Kc5 69. Rc2+ Kd5 70. Rc4 Rd4 71. Rc2
Rd3 72. Rc4 Rd4 73. Rc2 Rg4 74. a4 Rd4 75. Rb2 Rd3 76. Rb1 Kd4 77. a5 Kc3 78.
Rf1 Rd2+ 79. Kxg3 Kxb3 80. Ra1 Kb2 81. Rf1 Rd5 82. a6 Ra5 83. Rf6 b3 84. Kf3
Ka1 0-1

[Event "32. Copenhagen Open (Politiken Cup)"]
[Site "Elsinore"]
[Date "2010.08.01"]
[Round "2"]
[White "Stray, Gunnar"]
[Black "Rej, Tomek"]
[Result "1-0"]
[WhiteElo "2055"]
[BlackElo "2334"]
[PlyCount "89"]
[EventDate "2010.07.31"]
[EventType "swiss"]
[EventRounds "10"]
[EventCountry "DEN"]
[Source "ChessBase"]
[SourceDate "2010.09.01"]

1. d4 d5 2. Nf3 Nf6 3. e3 c5 4. c4 cxd4 5. exd4 Nc6 6. Nc3 e6 7. Bd3 Be7 8. a3
O-O 9. O-O b6 10. cxd5 exd5 11. h3 Bb7 12. b4 Ne8 13. Be3 Bf6 14. Qb3 Nc7 15.
Rac1 g6 16. Rfd1 Rc8 17. Bf1 Bg7 18. Ne2 Ne6 19. Nf4 Nxf4 20. Bxf4 Re8 21. Be3
Qd6 22. g3 Re7 23. Bf4 Qd7 24. Bg2 Rce8 25. Qd3 h6 26. h4 Qd8 27. b5 Na5 28.
Ne5 Bc8 29. Nc6 Nxc6 30. bxc6 Bf5 31. Qb3 Be4 32. Bh3 Bf5 33. Bxf5 gxf5 34. Qb5
Qc8 35. Qxd5 Rd8 36. Qc4 Re4 37. c7 Rdxd4 38. Rxd4 Rxd4 39. Qc6 Kh7 40. Re1 Re4
41. Rxe4 fxe4 42. Qxe4+ f5 43. Qe7 Kg6 44. Qd8 Qe6 45. Qd6 1-0

[Event "32. Copenhagen Open (Politiken Cup)"]
[Site "Elsinore"]
[Date "2010.08.01"]
[Round "2"]
[White "Svane, Rasmus"]
[Black "Carnstam, Tomas"]
[Result "1-0"]
[WhiteElo "2216"]
[BlackElo "2004"]
[PlyCount "89"]
[EventDate "2010.07.31"]
[EventType "swiss"]
[EventRounds "10"]
[EventCountry "DEN"]
[Source "ChessBase"]
[SourceDate "2010.09.01"]

1. d4 d5 2. c4 c6 3. Nf3 Nf6 4. e3 Bf5 5. Nc3 e6 6. Nh4 Bg4 7. Qb3 Qb6 8. h3
Qxb3 9. axb3 Bh5 10. g4 Bg6 11. Nxg6 hxg6 12. Bg2 Na6 13. Bd2 Be7 14. Ke2 O-O
15. Rhc1 Nc7 16. Be1 Rfd8 17. Na2 Nce8 18. Bb4 Bxb4 19. Nxb4 Nd7 20. Nd3 Nd6
21. c5 Nb5 22. f4 f6 23. Ra5 a6 24. Nb4 Kh8 25. Kd3 e5 26. f5 gxf5 27. gxf5 Re8
28. Raa1 Re7 29. Nc2 Rae8 30. Bf1 Kh7 31. Kd2 exd4 32. exd4 Nc7 33. Bd3 Nf8 34.
Rg1 Nb5 35. Rg3 Kh8 36. Rag1 Nh7 37. h4 Kg8 38. Rg6 Kf8 39. R1g3 Nc7 40. h5 Ng5
41. h6 gxh6 42. Rxf6+ Kg7 43. Rg6+ Kh7 44. f6 Re2+ 45. Kd1 1-0

[Event "32. Copenhagen Open (Politiken Cup)"]
[Site "Elsinore"]
[Date "2010.08.01"]
[Round "2"]
[White "Taksrud, Vidar"]
[Black "Rasmussen, Allan Stig"]
[Result "0-1"]
[WhiteElo "2097"]
[BlackElo "2510"]
[PlyCount "66"]
[EventDate "2010.07.31"]
[EventType "swiss"]
[EventRounds "10"]
[EventCountry "DEN"]
[Source "ChessBase"]
[SourceDate "2010.09.01"]

1. d4 d5 2. Nf3 Nf6 3. g3 e6 4. Bg2 b5 5. O-O Nbd7 6. Nbd2 Be7 7. a4 b4 8. c4
bxc3 9. bxc3 Ba6 10. Re1 c5 11. Ba3 Rc8 12. h3 O-O 13. Ra2 h6 14. Qa1 Re8 15.
Ne5 Nxe5 16. dxe5 Nd7 17. e4 Nxe5 18. exd5 Nd3 19. dxe6 Nxe1 20. exf7+ Kxf7 21.
Qxe1 Bf8 22. Qb1 Qd3 23. Qd1 Rb8 24. Bf1 Qg6 25. Qf3+ Kg8 26. Qd5+ Kh8 27. c4
Bb7 28. Qd3 Qxd3 29. Bxd3 Rbd8 30. Bf1 Re1 31. f4 Rd1 32. Nb3 R8d3 33. Nxc5
Rxa3 0-1

[Event "32. Copenhagen Open (Politiken Cup)"]
[Site "Elsinore"]
[Date "2010.08.01"]
[Round "2"]
[White "Tallaksen, Levi Andre"]
[Black "Kyrkjebo, Eirik"]
[Result "1-0"]
[WhiteElo "2177"]
[BlackElo "1770"]
[PlyCount "53"]
[EventDate "2010.07.31"]
[EventType "swiss"]
[EventRounds "10"]
[EventCountry "DEN"]
[Source "ChessBase"]
[SourceDate "2010.09.01"]

1. d4 Nf6 2. Nf3 e6 3. e3 b6 4. Bd3 Bb7 5. Nbd2 d5 6. O-O Bd6 7. b3 O-O 8. Bb2
c5 9. Ne5 Nc6 10. f4 Nb4 11. Be2 Ne4 12. a3 Nc6 13. Nxc6 Bxc6 14. Nxe4 dxe4 15.
dxc5 Bxc5 16. Qc1 Qc7 17. c4 Rad8 18. Qc3 f6 19. b4 Be7 20. Rad1 Rf7 21. Rd4 f5
22. Bh5 Bf6 23. Rxd8+ Qxd8 24. Bxf7+ Kxf7 25. Qc1 Qd3 26. Bxf6 Kxf6 27. Rd1 1-0

[Event "32. Copenhagen Open (Politiken Cup)"]
[Site "Elsinore"]
[Date "2010.08.01"]
[Round "2"]
[White "Tandrup, Michael"]
[Black "Christiansen, Torsten Sundgaar"]
[Result "1-0"]
[WhiteElo "1968"]
[BlackElo "1733"]
[PlyCount "35"]
[EventDate "2010.07.31"]
[EventType "swiss"]
[EventRounds "10"]
[EventCountry "DEN"]
[Source "ChessBase"]
[SourceDate "2010.09.01"]

1. d4 d5 2. Nf3 e6 3. b3 Nf6 4. Bb2 Bd7 5. e3 Bd6 6. Nbd2 a6 7. c4 c6 8. Bd3 c5
9. O-O Nc6 10. Rc1 Nb4 11. Bb1 Rc8 12. a3 Nc6 13. dxc5 Bxc5 14. cxd5 Ne7 15.
Bxf6 gxf6 16. Ne4 Bxa3 17. Nxf6+ Kf8 18. Rxc8 1-0

[Event "32. Copenhagen Open (Politiken Cup)"]
[Site "Elsinore"]
[Date "2010.08.01"]
[Round "2"]
[White "Thomsen, Peter"]
[Black "Gade, Jens"]
[Result "1-0"]
[WhiteElo "1871"]
[BlackElo "1551"]
[PlyCount "37"]
[EventDate "2010.07.31"]
[EventType "swiss"]
[EventRounds "10"]
[EventCountry "DEN"]
[Source "ChessBase"]
[SourceDate "2010.09.01"]

1. e4 c5 2. Nf3 d6 3. d4 cxd4 4. Nxd4 a6 5. c4 e5 6. Nc2 Nf6 7. Nc3 Be7 8. Be2
O-O 9. Be3 Nc6 10. O-O Nd7 11. Nd5 f5 12. Nxe7+ Qxe7 13. Qd5+ Kh8 14. exf5 Rxf5
15. Rad1 Nf6 16. Qxd6 Qxd6 17. Rxd6 Ne4 18. Rdd1 Be6 19. Bd3 1-0

[Event "32. Copenhagen Open (Politiken Cup)"]
[Site "Elsinore"]
[Date "2010.08.01"]
[Round "2"]
[White "Torner Planell, Jordi"]
[Black "Ochsner, Bjorn Moller"]
[Result "0-1"]
[WhiteElo "1978"]
[BlackElo "2165"]
[PlyCount "88"]
[EventDate "2010.07.31"]
[EventType "swiss"]
[EventRounds "10"]
[EventCountry "DEN"]
[Source "ChessBase"]
[SourceDate "2010.09.01"]

1. d4 Nf6 2. Nf3 e6 3. g3 b6 4. Bg2 Bb7 5. O-O c5 6. c4 cxd4 7. Qxd4 Nc6 8. Qd1
d5 9. cxd5 Nxd5 10. e4 Nf6 11. Qa4 Nd7 12. Rd1 Qc8 13. Be3 Nc5 14. Bxc5 Bxc5
15. Nbd2 O-O 16. Nc4 Rd8 17. Rxd8+ Qxd8 18. Rd1 Qc7 19. e5 Rd8 20. Rd2 g6 21.
Qd1 Ba6 22. Rxd8+ Qxd8 23. Qxd8+ Nxd8 24. Ncd2 Nc6 25. Ne4 Be7 26. a3 Be2 27.
Ned2 Bf8 28. Bf1 Bxf1 29. Kxf1 Bg7 30. Nc4 b5 31. Nd6 a6 32. b3 Bf8 33. a4 Nxe5
34. Nxe5 Bxd6 35. Nc6 bxa4 36. bxa4 Kf8 37. Ke2 Ke8 38. Nd4 Kd7 39. Nb3 Kc6 40.
Kd3 Kd5 41. h3 f5 42. Na5 e5 43. Nb3 e4+ 44. Kc3 Bc5 0-1

[Event "32. Copenhagen Open (Politiken Cup)"]
[Site "Elsinore"]
[Date "2010.08.01"]
[Round "2"]
[White "Torner Planell, Josep Ramon"]
[Black "Skovgaard, Peter Nicolai"]
[Result "1-0"]
[WhiteElo "2034"]
[BlackElo "2299"]
[PlyCount "59"]
[EventDate "2010.07.31"]
[EventType "swiss"]
[EventRounds "10"]
[EventCountry "DEN"]
[Source "ChessBase"]
[SourceDate "2010.09.01"]

1. e4 c5 2. Nf3 d6 3. d4 cxd4 4. Qxd4 Nd7 5. Nc3 e5 6. Qd1 Ngf6 7. Bc4 Nb6 8.
Bb5+ Bd7 9. Bxd7+ Qxd7 10. O-O Qc6 11. Qd3 h6 12. b3 Rc8 13. Bb2 a6 14. Rac1
Be7 15. Rfe1 O-O 16. Nb1 Nbd7 17. Nbd2 Nc5 18. Qe2 b5 19. c4 b4 20. Rcd1 Bd8
21. h3 Bb6 22. Nh2 Ne6 23. g3 Ng5 24. Kg2 Ne6 25. Ng4 Nxg4 26. hxg4 a5 27. Nf3
Bc5 28. Nh4 a4 29. Nf5 axb3 30. Ne7+ 1-0

[Event "32. Copenhagen Open (Politiken Cup)"]
[Site "Elsinore"]
[Date "2010.08.01"]
[Round "2"]
[White "Traerup, Jorgen"]
[Black "Christensen, Verner"]
[Result "0-1"]
[WhiteElo "1742"]
[BlackElo "1968"]
[PlyCount "94"]
[EventDate "2010.07.31"]
[EventType "swiss"]
[EventRounds "10"]
[EventCountry "DEN"]
[Source "ChessBase"]
[SourceDate "2010.09.01"]

1. d4 f5 2. Nf3 e6 3. c4 d5 4. e3 Nf6 5. a3 c6 6. Nc3 Bd6 7. Bd2 O-O 8. c5 Bc7
9. Be2 Ne4 10. h3 Nd7 11. O-O e5 12. dxe5 Nxe5 13. Nxe5 Bxe5 14. Bf3 Nxc5 15.
Rb1 Qf6 16. Nxd5 cxd5 17. Bxd5+ Be6 18. Bb4 Rfd8 19. Bxe6+ Qxe6 20. Qe2 Ne4 21.
Rbd1 b6 22. Qc2 a5 23. Rxd8+ Rxd8 24. Be1 Rc8 25. Qe2 Qc4 26. Qxc4+ Rxc4 27. b4
axb4 28. Bxb4 Bd6 29. Rb1 Bxb4 30. axb4 Kf7 31. Rb2 Ke6 32. f3 Nf6 33. Kf2 Nd5
34. f4 Nxb4 35. Kf3 Nd5 36. g4 g6 37. h4 Rc3 38. gxf5+ gxf5 39. Re2 Rxe3+ 40.
Rxe3+ Nxe3 41. Kxe3 Kd5 42. h5 h6 43. Kd3 b5 44. Kc3 Ke4 45. Kb4 Kxf4 46. Kxb5
Kg3 47. Kc4 f4 0-1

[Event "32. Copenhagen Open (Politiken Cup)"]
[Site "Elsinore"]
[Date "2010.08.01"]
[Round "2"]
[White "Unzicker, Ferdinand"]
[Black "Taylor, Graham Christopher"]
[Result "1-0"]
[WhiteElo "2324"]
[BlackElo "2160"]
[PlyCount "71"]
[EventDate "2010.07.31"]
[EventType "swiss"]
[EventRounds "10"]
[EventCountry "DEN"]
[Source "ChessBase"]
[SourceDate "2010.09.01"]

1. c4 e5 2. Nc3 Nc6 3. g3 g6 4. Bg2 Bg7 5. e4 d6 6. Nge2 f5 7. d3 Nf6 8. O-O
O-O 9. exf5 Bxf5 10. d4 Nxd4 11. Nxd4 exd4 12. Qxd4 c6 13. Qd1 Be6 14. Qd3 d5
15. cxd5 Nxd5 16. Nxd5 Bxd5 17. Bxd5+ Qxd5 18. Qxd5+ cxd5 19. Rd1 d4 20. Bf4
Rac8 21. Rac1 Kf7 22. Kf1 Bf6 23. h4 Ke6 24. Ke2 Kd5 25. Kd3 Rfe8 26. Re1 Rxe1
27. Rxe1 Rf8 28. Rc1 Rf7 29. Bd2 Bd8 30. Rc8 Bb6 31. Bf4 Rd7 32. Re8 a6 33.
Re5+ Kd6 34. h5 Ba7 35. hxg6 hxg6 36. Rg5+ 1-0

[Event "32. Copenhagen Open (Politiken Cup)"]
[Site "Elsinore"]
[Date "2010.08.01"]
[Round "2"]
[White "Vesterli, Michael E"]
[Black "Gislason, Gudmundur"]
[Result "0-1"]
[WhiteElo "1862"]
[BlackElo "2351"]
[PlyCount "54"]
[EventDate "2010.07.31"]
[EventType "swiss"]
[EventRounds "10"]
[EventCountry "DEN"]
[Source "ChessBase"]
[SourceDate "2010.09.01"]

1. d4 Nf6 2. c4 e6 3. Bg5 h6 4. Bf4 d5 5. Nd2 Nc6 6. e3 a6 7. Ngf3 g6 8. a3 Nh5
9. cxd5 exd5 10. Be5 Nxe5 11. Nxe5 Bg7 12. Ndf3 Nf6 13. Bd3 O-O 14. O-O Ne4 15.
Qc2 Nf6 16. Rac1 c6 17. Qb3 Qe7 18. Bb1 Re8 19. Kh1 Be6 20. Qb6 a5 21. Bd3 Ne4
22. Bxe4 dxe4 23. Nd2 Bd5 24. Ndc4 Ra6 25. Qb3 Bxe5 26. dxe5 b5 27. Qc3 Bxc4
0-1